Histoire littéraire du 17e siècle (notice n° 1925062)

détails MARC
000 -LEADER
fixed length control field 01452cam a2200133 4500500
005 - DATE AND TIME OF LATEST TRANSACTION
control field 20260329023139.0
041 ## - LANGUAGE CODE
Language code of text/sound track or separate title fre
042 ## - AUTHENTICATION CODE
Authentication code dc
100 10 - MAIN ENTRY--PERSONAL NAME
Personal name Bury, Emmanuel
Relator term author
245 00 - TITLE STATEMENT
Title Histoire littéraire du 17e siècle
260 ## - PUBLICATION, DISTRIBUTION, ETC.
Name of publisher, distributor, etc. Armand Colin,<br/>
Date of publication, distribution, etc. 2015.<br/>
520 ## - SUMMARY, ETC.
Summary, etc. Cet ouvrage offre, dans un premier temps, une présentation d’ensemble du siècle, selon un cadre historique qui rappelle les inflexions du contexte, politique et culturel : sans préjuger d’un déterminisme qui placerait la littérature en position de « reflet » des évolutions de l’histoire, il s’agit plutôt de définir la succession de moments dans lesquels elle s’est développée, et les réalités auxquelles elle a été confrontée. L’auteur, par la suite, caractérise les grands traits de la culture littéraire du siècle, entre héritage de l’humanisme et volonté de fonder une littérature nationale, puis de revenir sur ce que peut signifier l’idée même de littérature durant cette période de l’Ancien Régime. Les deux derniers chapitres tentent d’esquisser la physionomie spécifique des productions « littéraires » du XVIIe siècle, avant de revenir sur le legs que la pensée littéraire de cette période a laissé à la conception de la littérature française dans la longue durée.
856 41 - ELECTRONIC LOCATION AND ACCESS
Uniform Resource Identifier <a href="https://shs.cairn.info/histoire-litteraire-du-17e-siecle--9782200601836?lang=fr&redirect-ssocas=7080">https://shs.cairn.info/histoire-litteraire-du-17e-siecle--9782200601836?lang=fr&redirect-ssocas=7080</a>

Pas d'exemplaire disponible.

PLUDOC

PLUDOC est la plateforme unique et centralisée de gestion des bibliothèques physiques et numériques de Guinée administré par le CEDUST. Elle est la plus grande base de données de ressources documentaires pour les Étudiants, Enseignants chercheurs et Chercheurs de Guinée.

Adresse

627 919 101/664 919 101

25 boulevard du commerce
Kaloum, Conakry, Guinée

Réseaux sociaux

Powered by Netsen Group @ 2025